| 000 | 01688nkc a22003017a 4500 | ||
|---|---|---|---|
| 001 | 85827 | ||
| 005 | 20260429094707.0 | ||
| 007 | kh bo | ||
| 008 | 260421s18901900sp ||||| |||| 00| 0 spa d | ||
| 040 |
_aM-RABA _bspa _cM-RABA |
||
| 100 | 1 |
_aHauser y Menet _917939 |
|
| 245 | 1 | 1 |
_a[Busto en mármol de D. Vicente López] _c/ Hauser y Menet _h[Material gráfico] |
| 260 |
_a: Madrid _b: Hauser y Menet _c[1890-1900] |
||
| 300 |
_a2 fotografías _b: Fototipia _c; 27,5 x 19 cm |
||
| 500 | 0 | 0 | _aDos fototipias del busto de D. Vicente López, realizado por D. José Piquer realizado en 1874. Dicho busto fue donado a la Real Academia de Bellas Artes de San Fernando en 1876 por su nieto Vicente López y Terrén. (Nº de inventario: E-30). |
| 500 | 0 | 0 | _aNota mecanografiada en el pie de la imagen: "Fototipia de Hauser y Menet. Madrid. D. Vicente López. Busto de mármol por D. José Piquer. Real Academia de San Fernando". |
| 500 | 0 | 0 | _aFecha tomada del periodo activo de Hauser y Menet. |
| 600 | 1 | 7 |
_aLópez, Vicente ( _d1772-1850) _919128 |
| 600 | 1 | 7 |
_aPiquer y Duart, José _922981 |
| 610 | 2 | 4 |
_aReal Academia de Bellas Artes de San Fernando. _975832 |
| 651 | 7 |
_aMadrid (Comunidad Autónoma) _2embne _975223 |
|
| 655 | 7 |
_aFotografías de obras de arte _975675 |
|
| 710 | 2 |
_aHauser y Menet (Madrid) _950978 |
|
| 852 | _jFot-727; Fot-728 | ||
| 856 |
_uhttps://archivoybiblioteca.realacademiabellasartessanfernando.com/cgi-bin/koha/opac-retrieve-file.pl?id=15c6d15e74802a8b347299a1291ea2d6 _yFot-727 |
||
| 856 |
_uhttps://archivoybiblioteca.realacademiabellasartessanfernando.com/cgi-bin/koha/opac-retrieve-file.pl?id=9f17c6a9214cadf7e64c6d2f60aa4a54 _yFot-728 |
||
| 942 |
_cFOTOGRAFÍA _n0 |
||
| 999 |
_c85827 _d85827 |
||